[Event "Florianopolis op 3rd"]
[Site "Florianopolis"]
[Date "2017.01.21"]
[Round "2"]
[White "Cruz, William Ferreira Da"]
[Black "Mekhitarian, Krikor Sevag"]
[Result "1/2-1/2"]
[WhiteElo "2241"]
[BlackElo "2559"]
[PlyCount "130"]
[EventDate "2017.01.20"]
[EventType "swiss"]
[EventRounds "10"]
[EventCountry "BRA"]
[SourceTitle "CBM 176 Extra"]
[Source "ChessBase"]
[SourceDate "2017.03.02"]
[SourceVersion "1"]
[SourceVersionDate "2017.03.02"]
[SourceQuality "1"]

1. d4 Nf6 2. c4 e6 3. Nc3 Bb4 4. Nf3 O-O 5. Bg5 c5 6. e3 cxd4 7. exd4 h6 8. Bh4
Qa5 9. Qc2 Ne4 10. Rc1 d5 11. Bd3 Qxa2 12. O-O Bxc3 13. bxc3 Qxc2 14. Rxc2 Nc6
15. Ra1 b6 16. cxd5 exd5 17. Bxe4 dxe4 18. d5 Na5 19. Nd2 Bf5 20. Rcc1 Rfc8 21.
c4 Nb7 22. Nb3 Bd7 23. Be7 f6 24. Ba3 Kf7 25. h3 Rc7 26. Bb2 Nd6 27. c5 bxc5
28. Nxc5 Bb5 29. Na6 Rxc1+ 30. Bxc1 Rc8 31. Be3 Bc4 32. Bxa7 Nb5 33. Nb4 Ra8
34. Bd4 Rd8 35. Bb6 Rd7 36. Rc1 Bb3 37. Rc5 Nd4 38. Bc7 Nf5 39. Kh2 Ne7 40. d6
Nc8 41. Nc6 Nxd6 42. Nb8 Rxc7 43. Rxc7+ Kg8 44. Nd7 Ne8 45. Ra7 Be6 46. Nc5 Bd5
47. h4 f5 48. Kg3 g5 49. hxg5 hxg5 50. Nd7 Be6 51. Ne5 Kf8 52. Ng6+ Kg8 53. Kh2
Nf6 54. Kg1 f4 55. Kf1 Bf7 56. Ne5 Bd5 57. Ke1 Bb3 58. Nd7 Nd5 59. Nc5 Bc2 60.
Kd2 e3+ 61. fxe3 Nxe3 62. Re7 Bf5 63. Rxe3 fxe3+ 64. Kxe3 Kf7 65. Ne4 Kg6
1/2-1/2

[Event "Florianopolis op 3rd"]
[Site "Florianopolis"]
[Date "2017.01.21"]
[Round "3"]
[White "Mekhitarian, Krikor Sevag"]
[Black "Luz, Arthur Nader"]
[Result "1-0"]
[WhiteElo "2559"]
[BlackElo "2077"]
[PlyCount "86"]
[EventDate "2017.01.20"]
[EventType "swiss"]
[EventRounds "10"]
[EventCountry "BRA"]
[SourceTitle "CBM 176 Extra"]
[Source "ChessBase"]
[SourceDate "2017.03.02"]
[SourceVersion "1"]
[SourceVersionDate "2017.03.02"]
[SourceQuality "1"]

1. d4 d5 2. c4 e6 3. Nf3 c6 4. g3 dxc4 5. Bg2 b5 6. Ne5 Bb7 7. O-O Qc8 8. b3 c3
9. Nxc3 Nf6 10. Bg5 Ba3 11. Qc2 a6 12. Bxf6 gxf6 13. Nd3 Be7 14. Ne4 Nd7 15.
Rac1 O-O 16. Nec5 Nxc5 17. Nxc5 Bxc5 18. Qxc5 Qd7 19. Rfd1 Rac8 20. e3 Rfd8 21.
Bf3 Qd6 22. Qxd6 Rxd6 23. Rc5 f5 24. Rdc1 Kf8 25. a4 Ke7 26. a5 Kd7 27. b4 Re8
28. Kg2 Rc8 29. h3 Rg8 30. Rh1 Ke7 31. Kf1 Kf6 32. Ke2 h6 33. Rhc1 Rc8 34. g4
Kg6 35. gxf5+ exf5 36. d5 Rc7 37. dxc6 Bc8 38. Rg1+ Kf6 39. Rg8 Ke7 40. Re5+
Kf6 41. Ree8 Be6 42. Rb8 Bc4+ 43. Ke1 Re7 1-0

[Event "Florianopolis op 3rd"]
[Site "Florianopolis"]
[Date "2017.01.22"]
[Round "4"]
[White "Villalba, Marcelo"]
[Black "Mekhitarian, Krikor Sevag"]
[Result "1/2-1/2"]
[WhiteElo "2255"]
[BlackElo "2559"]
[PlyCount "132"]
[EventDate "2017.01.20"]
[EventType "swiss"]
[EventRounds "10"]
[EventCountry "BRA"]
[SourceTitle "CBM 176 Extra"]
[Source "ChessBase"]
[SourceDate "2017.03.02"]
[SourceVersion "1"]
[SourceVersionDate "2017.03.02"]
[SourceQuality "1"]

1. e4 e5 2. Nf3 Nc6 3. Nc3 Nf6 4. d4 exd4 5. Nxd4 Bb4 6. Nxc6 bxc6 7. Bd3 O-O
8. O-O Re8 9. Qf3 Rb8 10. Bf4 d6 11. h3 Nd7 12. Be3 Ne5 13. Qg3 Re6 14. f4 Rg6
15. Qh2 Nxd3 16. cxd3 f5 17. Bxa7 Bc5+ 18. Bxc5 dxc5 19. Rab1 Qxd3 20. Rbd1
Qe3+ 21. Kh1 Rd6 22. Qg1 Qxg1+ 23. Kxg1 Rxb2 24. Rxd6 cxd6 25. Rd1 Rc2 26. Rxd6
Rxc3 27. Rd8+ Kf7 28. Rxc8 fxe4 29. Rxc6 e3 30. Kf1 Rc2 31. a4 Ke7 32. Rc7+ Kd6
33. Rxg7 c4 34. Rg3 Rf2+ 35. Ke1 c3 36. Rxe3 c2 37. Rc3 Rxg2 38. a5 Kd5 39. a6
Kd4 40. Rc8 Kd3 41. Rd8+ Ke3 42. Re8+ Kd3 43. Rd8+ Ke3 44. Re8+ Kxf4 45. Rc8
Ke3 46. Re8+ Kd3 47. Rd8+ Kc3 48. Rc8+ Kb2 49. Rb8+ Ka2 50. Rc8 Kb3 51. a7
c1=Q+ 52. Rxc1 Ra2 53. Rc7 h5 54. Kf1 Kb4 55. Kg1 Kb5 56. Rh7 Kb6 57. Rxh5 Rxa7
58. Rh6+ Kc5 59. Re6 Kd5 60. Re8 Kd6 61. Kg2 Re7 62. Rg8 Ke6 63. Kg3 Kf6 64.
Rg4 Rg7 65. Kf4 Rxg4+ 66. hxg4 Kg6 1/2-1/2

[Event "Florianopolis op 3rd"]
[Site "Florianopolis"]
[Date "2017.01.23"]
[Round "5"]
[White "Mekhitarian, Krikor Sevag"]
[Black "Azevedo Junior, Jose Ferreira"]
[Result "1-0"]
[WhiteElo "2559"]
[BlackElo "2100"]
[PlyCount "93"]
[EventDate "2017.01.20"]
[EventType "swiss"]
[EventRounds "10"]
[EventCountry "BRA"]
[SourceTitle "CBM 176 Extra"]
[Source "ChessBase"]
[SourceDate "2017.03.02"]
[SourceVersion "1"]
[SourceVersionDate "2017.03.02"]
[SourceQuality "1"]

1. e4 e5 2. Nf3 Nc6 3. Bb5 a6 4. Ba4 Nf6 5. O-O b5 6. Bb3 Be7 7. d4 d6 8. c3
O-O 9. h3 Bb7 10. Re1 h6 11. Nbd2 Nh7 12. Nf1 Bf6 13. Ng3 Ne7 14. Nh2 c5 15.
Ng4 cxd4 16. cxd4 exd4 17. Nxf6+ Nxf6 18. Qxd4 d5 19. Bxh6 dxe4 20. Qe5 Ng6 21.
Qf5 Kh7 22. Bg5 Qc8 23. Bxf6 Qxf5 24. Nxf5 gxf6 25. Nd6 Bc6 26. Rac1 Ne5 27.
Re3 Rad8 28. Nxf7 Nxf7 29. Rxc6 Nd6 30. Rxa6 f5 31. Rc3 Kg6 32. Rcc6 Rf6 33.
Rc5 f4 34. Bc2 Kf7 35. Rd5 Ke7 36. Bxe4 Nxe4 37. Ra7+ Ke8 38. Re5+ Kf8 39. Rxe4
Rd1+ 40. Kh2 Rd2 41. Rb4 Rf5 42. Ra5 Rxf2 43. Rbxb5 Rf6 44. Rb7 Kg8 45. Ra8+
Rf8 46. Rxf8+ Kxf8 47. a4 1-0

[Event "Florianopolis op 3rd"]
[Site "Florianopolis"]
[Date "2017.01.23"]
[Round "6"]
[White "Cimer, Emanuel"]
[Black "Mekhitarian, Krikor Sevag"]
[Result "1/2-1/2"]
[WhiteElo "2220"]
[BlackElo "2559"]
[PlyCount "119"]
[EventDate "2017.01.20"]
[EventType "swiss"]
[EventRounds "10"]
[EventCountry "BRA"]
[SourceTitle "CBM 176 Extra"]
[Source "ChessBase"]
[SourceDate "2017.03.02"]
[SourceVersion "1"]
[SourceVersionDate "2017.03.02"]
[SourceQuality "1"]

1. e4 c5 2. Nf3 d6 3. Bb5+ Nd7 4. d4 cxd4 5. Qxd4 a6 6. Bxd7+ Bxd7 7. O-O e5 8.
Qd3 h6 9. c4 b5 10. Na3 Qb6 11. Be3 Qb7 12. Nd2 Nf6 13. f3 Be7 14. Rfd1 O-O 15.
Rac1 Rac8 16. Bf2 Nh5 17. g3 f5 18. cxb5 axb5 19. Qb3+ Kh8 20. Rxc8 Rxc8 21.
Qf7 Be8 22. Qxf5 Kg8 23. Nxb5 Bxb5 24. Qxh5 Be8 25. Qh3 Bd7 26. Qf1 Qxb2 27.
Nc4 Qxa2 28. Nb6 Rd8 29. Nxd7 Rxd7 30. Qb5 Qe6 31. Qd5 Kf7 32. Kg2 Qxd5 33.
Rxd5 Rb7 34. Rd2 Ke6 35. Rc2 Rb3 36. Rd2 h5 37. h3 Bd8 38. Ra2 Bg5 39. Rc2 Rd3
40. Ra2 Bd2 41. Rc2 Bb4 42. Rb2 Bc5 43. Rc2 Bd4 44. Ra2 g5 45. g4 h4 46. Rc2
Kd7 47. Be1 Ke6 48. Bd2 Kf6 49. Be1 Rd1 50. Bf2 Ke6 51. Kh2 Rf1 52. Kg2 Rd1 53.
Kh2 Rd3 54. Kg2 Bc3 55. Re2 Bd2 56. Be1 Bf4 57. Rc2 Kd7 58. Ba5 Be3 59. Be1 Bf4
60. Ba5 1/2-1/2

[Event "Florianopolis op 3rd"]
[Site "Florianopolis"]
[Date "2017.01.24"]
[Round "7"]
[White "Mekhitarian, Krikor Sevag"]
[Black "Cadilhac, Igor Tokuichi Kikuc"]
[Result "0-1"]
[WhiteElo "2559"]
[BlackElo "2274"]
[PlyCount "104"]
[EventDate "2017.01.20"]
[EventType "swiss"]
[EventRounds "10"]
[EventCountry "BRA"]
[SourceTitle "CBM 176 Extra"]
[Source "ChessBase"]
[SourceDate "2017.03.02"]
[SourceVersion "1"]
[SourceVersionDate "2017.03.02"]
[SourceQuality "1"]

1. e4 c5 2. Nf3 d6 3. d4 cxd4 4. Nxd4 Nf6 5. Nc3 g6 6. Be3 Bg7 7. f3 O-O 8. Qd2
Nc6 9. Bc4 Bd7 10. O-O-O Rc8 11. Bb3 Nxd4 12. Bxd4 b5 13. Nd5 Nxd5 14. Bxg7
Kxg7 15. exd5 a5 16. a3 Rc5 17. Rhe1 Re8 18. Re3 Qc7 19. Qd4+ Kg8 20. Rd2 b4
21. a4 Bc8 22. h4 Ba6 23. Re4 f5 24. Rf4 Rc8 25. Qe3 Bc4 26. Rfd4 Bxb3 27. Qxb3
Rc4 28. Qd3 Qc5 29. Kd1 Kf7 30. g4 Rxd4 31. Qxd4 Qxd4 32. Rxd4 Kf6 33. Kd2 Ke5
34. Kd3 fxg4 35. Rxg4 Kxd5 36. h5 gxh5 37. Rg7 Ke6 38. Rxh7 Rc5 39. Rh8 Rf5 40.
Ke4 Re5+ 41. Kf4 Kd5 42. Ra8 Kd4 43. Re8 Re2 44. Rc8 e5+ 45. Kg3 Ke3 46. Rc6
Rd2 47. b3 h4+ 48. Kxh4 Kxf3 49. Ra6 Rd5 50. Ra8 Ke3 51. Kg3 Kd2 52. Rc8 Rc5
0-1

[Event "Florianopolis op 3rd"]
[Site "Florianopolis"]
[Date "2017.01.25"]
[Round "8"]
[White "Campos, Igor Ribeiro"]
[Black "Mekhitarian, Krikor Sevag"]
[Result "0-1"]
[WhiteElo "2152"]
[BlackElo "2559"]
[PlyCount "112"]
[EventDate "2017.01.20"]
[EventType "swiss"]
[EventRounds "10"]
[EventCountry "BRA"]
[SourceTitle "CBM 176 Extra"]
[Source "ChessBase"]
[SourceDate "2017.03.02"]
[SourceVersion "1"]
[SourceVersionDate "2017.03.02"]
[SourceQuality "1"]

1. e4 c5 2. Nf3 d6 3. Bb5+ Nd7 4. O-O a6 5. Bd3 Ngf6 6. Re1 e6 7. c3 b5 8. Bf1
Bb7 9. d3 Be7 10. Nbd2 O-O 11. d4 Rc8 12. Bd3 cxd4 13. cxd4 Qb6 14. h3 h6 15.
Qe2 Rfd8 16. Nb3 d5 17. e5 Ne4 18. Nfd2 f5 19. exf6 Ndxf6 20. f3 Ng5 21. h4 Nf7
22. Qxe6 Bd6 23. Bg6 Rc7 24. Qh3 Bc8 25. Bf5 Nh5 26. Bxc8 Nf4 27. Qf5 Rcxc8 28.
Nf1 g6 29. Qb1 Re8 30. Bxf4 Bxf4 31. Qd3 Ne5 32. Qe2 Kf7 33. g3 Nc4 34. Qf2 Bd6
35. Ne3 Bxg3 36. Qxg3 Rxe3 37. Rxe3 Nxe3 38. Re1 Nf5 39. Qe5 Qd6 40. h5 Qxe5
41. hxg6+ Kxg6 42. Rxe5 Rc2 43. Rxd5 Rxb2 44. Rc5 Rxa2 45. d5 Rb2 46. Rc6+ Kg5
47. Nc5 a5 48. d6 Nd4 49. Rc8 Nxf3+ 50. Kf1 Ne5 51. Nd3 Nxd3 52. d7 Rb1+ 53.
Ke2 Nf4+ 54. Kd2 Ne6 55. Re8 Rb4 56. Ke3 Rd4 0-1

[Event "Florianopolis op 3rd"]
[Site "Florianopolis"]
[Date "2017.01.25"]
[Round "9"]
[White "Mekhitarian, Krikor Sevag"]
[Black "Dos Santos, Haroldo Cunha Jr"]
[Result "1-0"]
[WhiteElo "2559"]
[BlackElo "2148"]
[PlyCount "47"]
[EventDate "2017.01.20"]
[EventType "swiss"]
[EventRounds "10"]
[EventCountry "BRA"]
[SourceTitle "CBM 176 Extra"]
[Source "ChessBase"]
[SourceDate "2017.03.02"]
[SourceVersion "1"]
[SourceVersionDate "2017.03.02"]
[SourceQuality "1"]

1. d4 d5 2. c4 c6 3. Nf3 Nf6 4. Nc3 Bf5 5. cxd5 cxd5 6. Qb3 Bc8 7. Bf4 a6 8. e3
Nc6 9. Bd3 e6 10. O-O Be7 11. h3 O-O 12. Rac1 Nh5 13. Bh2 f5 14. Na4 Bd6 15.
Bxd6 Qxd6 16. Qb6 Nf6 17. Ne5 Nd7 18. Nxd7 Bxd7 19. Nc5 Rfb8 20. a3 Be8 21. Rc3
a5 22. Bb5 Ra6 23. Nxa6 bxa6 24. Qxa6 1-0

[Event "Florianopolis op 3rd"]
[Site "Florianopolis"]
[Date "2017.01.26"]
[Round "10"]
[White "Cunha, Lucas Aguiar"]
[Black "Mekhitarian, Krikor Sevag"]
[Result "0-1"]
[WhiteElo "2287"]
[BlackElo "2559"]
[PlyCount "64"]
[EventDate "2017.01.20"]
[EventType "swiss"]
[EventRounds "10"]
[EventCountry "BRA"]
[SourceTitle "CBM 176 Extra"]
[Source "ChessBase"]
[SourceDate "2017.03.02"]
[SourceVersion "1"]
[SourceVersionDate "2017.03.02"]
[SourceQuality "1"]

1. e4 c5 2. Nf3 g6 3. c3 Bg7 4. d4 cxd4 5. cxd4 d5 6. e5 Bg4 7. Bb5+ Nd7 8. h3
Bxf3 9. Qxf3 e6 10. Qa3 Ne7 11. Bg5 h6 12. Bxe7 Qxe7 13. Qa4 a6 14. O-O Rc8 15.
Bd3 O-O 16. Nd2 h5 17. Nf3 Bh6 18. Rae1 Nb6 19. Qb3 Nc4 20. Re2 b5 21. Qd1 Rc7
22. Qb1 Kg7 23. Qe1 Rfc8 24. Nh2 Qh4 25. Nf3 Qf4 26. h4 Rc6 27. Rc2 Nxe5 28.
dxe5 Rxc2 29. Bxc2 Rxc2 30. Qa5 Rxb2 31. Qxa6 Qa4 32. Qb6 Rxa2 0-1

[Event "BRA-ch 83rd"]
[Site "Rio de Janeiro"]
[Date "2017.02.08"]
[Round "3"]
[White "Mekhitarian, Krikor Sevag"]
[Black "Fier, Alexandr"]
[Result "1/2-1/2"]
[WhiteElo "2561"]
[BlackElo "2581"]
[PlyCount "91"]
[EventDate "2017.02.06"]
[EventType "tourn"]
[EventRounds "11"]
[EventCountry "BRA"]
[EventCategory "6"]
[SourceTitle "CBM 176 Extra"]
[Source "ChessBase"]
[SourceDate "2017.03.02"]
[SourceVersion "1"]
[SourceVersionDate "2017.03.02"]
[SourceQuality "1"]

1. e4 Nf6 2. e5 Nd5 3. d4 d6 4. Nf3 g6 5. Bc4 Nb6 6. Bb3 Bg7 7. O-O O-O 8. h3
Nc6 9. Qe2 Na5 10. Nc3 Nxb3 11. axb3 a5 12. Re1 h6 13. Be3 Bf5 14. Nh4 Bd7 15.
f4 e6 16. Nf3 Bc6 17. Bf2 Nd5 18. Nxd5 Bxd5 19. c4 Bc6 20. Rad1 Bxf3 21. Qxf3
d5 22. cxd5 Qxd5 23. Qxd5 exd5 24. Ra1 c6 25. Rec1 Ra6 26. g4 f5 27. gxf5 gxf5
28. b4 Rfa8 29. b5 Rb6 30. bxc6 bxc6 31. Ra4 Raa6 32. Be1 Rxb2 33. Rxa5 Rxa5
34. Bxa5 Rb5 35. Be1 Rb6 36. Ba5 Rb5 37. Be1 Rb6 38. Ra1 Bf8 39. Ra8 Kg7 40.
Bh4 c5 41. dxc5 Bxc5+ 42. Kg2 Rb2+ 43. Kf3 Rb3+ 44. Kg2 Rb2+ 45. Kf3 Rb3+ 46.
Kg2 1/2-1/2

[Event "BRA-ch 83rd"]
[Site "Rio de Janeiro"]
[Date "2017.02.13"]
[Round "10"]
[White "Mekhitarian, Krikor Sevag"]
[Black "El Debs, Felipe de Cresce"]
[Result "1/2-1/2"]
[WhiteElo "2561"]
[BlackElo "2523"]
[PlyCount "101"]
[EventDate "2017.02.06"]
[EventType "tourn"]
[EventRounds "11"]
[EventCountry "BRA"]
[EventCategory "6"]
[SourceTitle "CBM 176 Extra"]
[Source "ChessBase"]
[SourceDate "2017.03.02"]
[SourceVersion "1"]
[SourceVersionDate "2017.03.02"]
[SourceQuality "1"]

1. c4 Nf6 2. Nc3 e5 3. Nf3 Nc6 4. e3 Bb4 5. Qc2 Bxc3 6. Qxc3 Qe7 7. d4 Ne4 8.
Qd3 exd4 9. Nxd4 O-O 10. Be2 Nxd4 11. Qxd4 Qb4+ 12. Kf1 Qe7 13. f3 Nc5 14. h4
d6 15. h5 h6 16. Bd2 f5 17. Re1 Bd7 18. Kg1 a5 19. Bd1 b6 20. Bc2 Rae8 21. Bc3
Rf7 22. Qh4 Qf8 23. b3 Bc6 24. Rh3 Ne6 25. Rg3 Ng5 26. Rxg5 hxg5 27. Qxg5 Re6
28. Kf2 Qe7 29. Qxe7 Rexe7 30. Rh1 Re6 31. Rh4 Rh6 32. Kg3 Kf8 33. Kf4 Bd7 34.
Kg5 Re6 35. e4 Bc6 36. e5 Bd7 37. f4 Rh6 38. Rh1 Bc6 39. Bxf5 dxe5 40. Bxe5
Bxg2 41. Rh2 Rxf5+ 42. Kxf5 Bf3 43. Kg5 c5 44. f5 Kf7 45. f6 Rxh5+ 46. Rxh5
gxf6+ 47. Bxf6 Bxh5 48. Bd8 Bd1 49. Bxb6 a4 50. bxa4 Be2 51. Bxc5 1/2-1/2

[Event "BRA-ch 83rd"]
[Site "Rio de Janeiro"]
[Date "2017.02.14"]
[Round "11"]
[White "Matsuura, Everaldo"]
[Black "Mekhitarian, Krikor Sevag"]
[Result "1/2-1/2"]
[WhiteElo "2480"]
[BlackElo "2561"]
[PlyCount "63"]
[EventDate "2017.02.06"]
[EventType "tourn"]
[EventRounds "11"]
[EventCountry "BRA"]
[EventCategory "6"]
[SourceTitle "CBM 176 Extra"]
[Source "ChessBase"]
[SourceDate "2017.03.02"]
[SourceVersion "1"]
[SourceVersionDate "2017.03.02"]
[SourceQuality "1"]

1. e4 e5 2. Nf3 Nc6 3. Bb5 a6 4. Ba4 Nf6 5. O-O Be7 6. Re1 b5 7. Bb3 d6 8. c3
O-O 9. h3 Na5 10. Bc2 c5 11. d4 Nd7 12. b3 Qc7 13. d5 Nb6 14. Nbd2 g6 15. Nf1
f5 16. exf5 Bxf5 17. Ne3 Bxc2 18. Qxc2 c4 19. b4 Nb7 20. Nd2 a5 21. Ne4 axb4
22. cxb4 Nd8 23. Rd1 Qb7 24. Nc3 Qd7 25. Ne4 Qb7 26. Nc3 Qd7 27. Ne4 Nf7 28.
Ng4 Qf5 29. Ne3 Qc8 30. Ng4 Qf5 31. Ne3 Qc8 32. Ng4 1/2-1/2

[Event "Buenos Aires La Porta Cup"]
[Site "Buenos Aires"]
[Date "2017.03.26"]
[Round "4"]
[White "Dolezal, Cristian"]
[Black "Mekhitarian, Krikor Sevag"]
[Result "1/2-1/2"]
[WhiteElo "2389"]
[BlackElo "2544"]
[PlyCount "52"]
[EventDate "2017.03.25"]
[EventType "swiss"]
[EventRounds "9"]
[EventCountry "ARG"]
[SourceTitle "CBM 177 Extra"]
[Source "ChessBase"]
[SourceDate "2017.04.27"]
[SourceVersion "1"]
[SourceVersionDate "2017.04.27"]
[SourceQuality "1"]

1. e4 c5 2. Nf3 d6 3. d4 cxd4 4. Nxd4 Nf6 5. f3 Nc6 6. c4 Nxd4 7. Qxd4 g6 8.
Be3 Bg7 9. Qd2 O-O 10. Be2 Be6 11. Nc3 a5 12. O-O a4 13. Rab1 Qa5 14. Rfc1 Rfc8
15. b4 axb3 16. axb3 Qb4 17. Kf1 Nd7 18. Nd5 Qxd2 19. Bxd2 Kf8 20. Bg5 f6 21.
Be3 f5 22. Nf4 Bf7 23. exf5 gxf5 24. Nd5 b5 25. Rd1 bxc4 26. bxc4 Rab8 1/2-1/2

[Event "Buenos Aires La Porta Cup"]
[Site "Buenos Aires"]
[Date "2017.03.28"]
[Round "6"]
[White "Bachmann, Axel"]
[Black "Mekhitarian, Krikor Sevag"]
[Result "1-0"]
[WhiteElo "2646"]
[BlackElo "2544"]
[PlyCount "121"]
[EventDate "2017.03.25"]
[EventType "swiss"]
[EventRounds "9"]
[EventCountry "ARG"]
[SourceTitle "CBM 177 Extra"]
[Source "ChessBase"]
[SourceDate "2017.04.27"]
[SourceVersion "1"]
[SourceVersionDate "2017.04.27"]
[SourceQuality "1"]

1. d4 Nf6 2. Nf3 g6 3. Bf4 Bg7 4. c3 O-O 5. Nbd2 d6 6. h3 Nc6 7. e4 e5 8. dxe5
Nxe5 9. Nxe5 dxe5 10. Be3 Qe7 11. Bc4 Rd8 12. Qe2 Be6 13. O-O Rd7 14. a4 Rad8
15. Bxe6 Qxe6 16. a5 Qc6 17. f3 Bf8 18. Nb3 Nh5 19. Rfd1 a6 20. Rxd7 Rxd7 21.
Rd1 Nf4 22. Qf1 Rxd1 23. Qxd1 Qa4 24. Kf2 Qb5 25. Bxf4 exf4 26. Qd5 c5 27. e5
c4 28. Qxb5 axb5 29. Nd2 Bg7 30. Ne4 Bxe5 31. Nc5 Bc7 32. Nxb7 Kf8 33. Ke2 Ke7
34. b4 cxb3 35. Kd3 f5 36. Kd2 Kd7 37. Nc5+ Kc6 38. Nxb3 Kb7 39. Kd3 Ka6 40. c4
Be5 41. cxb5+ Kxb5 42. Nd4+ Ka6 43. Kc4 Bg7 44. Nb3 Bf8 45. Kd5 Bb4 46. Ke6 Kb5
47. Kf7 g5 48. Kf6 g4 49. hxg4 fxg4 50. fxg4 Bc3+ 51. Kg5 Bg7 52. Kxf4 Bc3 53.
Kf5 Be1 54. Kf6 Bc3+ 55. Kf7 Be5 56. g5 Bf4 57. Nd4+ Kxa5 58. Ne6 Bc1 59. Kg7
Kb6 60. Kxh7 Kc6 61. Nd4+ 1-0

[Event "Florianopolis zt 2.4"]
[Site "Florianopolis"]
[Date "2017.04.27"]
[Round "2"]
[White "Mekhitarian, Krikor Sevag"]
[Black "Campelo, Leandro Fabricio"]
[Result "1/2-1/2"]
[WhiteElo "2544"]
[BlackElo "2207"]
[PlyCount "115"]
[EventDate "2017.04.26"]
[EventType "swiss"]
[EventRounds "9"]
[EventCountry "BRA"]
[SourceTitle "CBM 178 Extra"]
[Source "ChessBase"]
[SourceDate "2017.06.22"]
[SourceVersion "1"]
[SourceVersionDate "2017.06.22"]
[SourceQuality "1"]

1. d4 Nf6 2. c4 g6 3. Nf3 Bg7 4. g3 O-O 5. Bg2 d6 6. O-O Nbd7 7. Nc3 e5 8. e4
c6 9. h3 Qb6 10. Re1 exd4 11. Nxd4 Re8 12. Re2 Qb4 13. Rc2 Nc5 14. Bd2 Qb6 15.
Be3 Qc7 16. f3 a5 17. Bf2 a4 18. Re2 Nfd7 19. f4 h5 20. Rc1 Nf8 21. Qd2 Qa5 22.
Nc2 Be6 23. Na3 Rad8 24. Bd4 Qc7 25. Rd1 Bc8 26. Bxg7 Kxg7 27. Qd4+ f6 28. Red2
Nfe6 29. Qf2 f5 30. exf5 gxf5 31. Nc2 Kh7 32. h4 Ng7 33. Nd4 Ne4 34. Bxe4 fxe4
35. Re1 Bf5 36. Nxf5 Nxf5 37. Nxe4 Rxe4 38. Rxe4 Nxg3 39. Re1 Rg8 40. Kh2 Rg4
41. Rd3 Nf5 42. Rh3 Qf7 43. b3 axb3 44. axb3 Qf6 45. Re8 Nxh4 46. f5 Rg2+ 47.
Qxg2 Nxg2 48. Rxh5+ Kg7 49. Re6 Qb2 50. Rg6+ Kf7 51. Rxg2 Qxb3 52. Rg4 Qc2+ 53.
Kh3 Qc3+ 54. Kh4 Qe1+ 55. Kg5 Qe3+ 56. Kh4 Qe1+ 57. Kg5 Qe3+ 58. Kh4 1/2-1/2

[Event "Florianopolis zt 2.4"]
[Site "Florianopolis"]
[Date "2017.04.28"]
[Round "3"]
[White "Borges, Guilherme Deola"]
[Black "Mekhitarian, Krikor Sevag"]
[Result "1/2-1/2"]
[WhiteElo "2131"]
[BlackElo "2544"]
[PlyCount "90"]
[EventDate "2017.04.26"]
[EventType "swiss"]
[EventRounds "9"]
[EventCountry "BRA"]
[SourceTitle "CBM 178 Extra"]
[Source "ChessBase"]
[SourceDate "2017.06.22"]
[SourceVersion "1"]
[SourceVersionDate "2017.06.22"]
[SourceQuality "1"]

1. d4 Nf6 2. c4 e6 3. Nc3 Bb4 4. e3 O-O 5. Nge2 c6 6. a3 Ba5 7. b4 Bc7 8. Ng3
d5 9. cxd5 exd5 10. Bd3 g6 11. O-O h5 12. e4 dxe4 13. Ncxe4 Nxe4 14. Nxe4 Bf5
15. Bg5 Qxd4 16. Nf6+ Kg7 17. Bxf5 Qxd1 18. Raxd1 gxf5 19. Nxh5+ Kg6 20. Nf6 a5
21. h4 axb4 22. axb4 Na6 23. Rb1 Bd8 24. Rfd1 Nc7 25. Nd7 Re8 26. Nb6 Rb8 27.
Bf4 Nb5 28. Bxb8 Bxb6 29. Bg3 Re4 30. Kf1 Rg4 31. Rd7 f4 32. Rxb7 Bd4 33. Bh2
Rxh4 34. Bg1 Kg7 35. Rd1 f3 36. gxf3 Bc3 37. Rdd7 Kg6 38. Rxf7 Nd6 39. Rfc7
Nxb7 40. Rxb7 Bxb4 41. Bh2 Rxh2 42. Rxb4 Rh1+ 43. Ke2 Rc1 44. Kd3 Kf5 45. Rc4
Rxc4 1/2-1/2

[Event "Florianopolis zt 2.4"]
[Site "Florianopolis"]
[Date "2017.04.29"]
[Round "6"]
[White "Mekhitarian, Krikor Sevag"]
[Black "Di Berardino, Diego Rafael"]
[Result "1-0"]
[WhiteElo "2544"]
[BlackElo "2494"]
[PlyCount "129"]
[EventDate "2017.04.26"]
[EventType "swiss"]
[EventRounds "9"]
[EventCountry "BRA"]
[SourceTitle "CBM 178 Extra"]
[Source "ChessBase"]
[SourceDate "2017.06.22"]
[SourceVersion "1"]
[SourceVersionDate "2017.06.22"]
[SourceQuality "1"]

1. d4 Nf6 2. c4 e6 3. Nf3 d5 4. g3 Be7 5. Bg2 O-O 6. O-O dxc4 7. Ne5 Nc6 8.
Nxc6 bxc6 9. Na3 Bxa3 10. bxa3 Nd5 11. Qc2 Nb6 12. a4 Rb8 13. Ba3 Re8 14. a5
Nd5 15. Qxc4 Rb5 16. Qxc6 Rxa5 17. Qc1 Ba6 18. Re1 Ra4 19. Bc5 Qd7 20. Qd2 Bb5
21. Rac1 a6 22. a3 Rc4 23. Rxc4 Bxc4 24. Qc2 Bb5 25. Rc1 a5 26. e3 a4 27. Qd2
h6 28. Qa5 c6 29. Qd2 Rb8 30. Bf3 Qb7 31. Bd1 Qa6 32. Rb1 Ra8 33. Bc2 Rd8 34.
e4 Nb6 35. Qc3 Nd7 36. Bb4 Re8 37. Bd6 Nb6 38. Re1 Nc4 39. Bc5 e5 40. f4 exd4
41. Qxd4 Na5 42. Bxa4 Bxa4 43. Qxa4 Rd8 44. e5 Rd5 45. Bf2 Qd3 46. Re3 Qb1+ 47.
Re1 Qa2 48. f5 Rd2 49. Qf4 Re2 50. Rxe2 Qxe2 51. Qe3 Qh5 52. Qc3 Qd1+ 53. Qe1
Qd5 54. e6 fxe6 55. fxe6 Kf8 56. Qb4+ Ke8 57. Qg4 Nc4 58. Qg6+ Kd8 59. Qf7 Kc8
60. Qf8+ Kb7 61. Qxg7+ Kc8 62. Qf8+ Kb7 63. e7 Qd1+ 64. Kg2 Nd2 65. Be3 1-0

[Event "Florianopolis zt 2.4"]
[Site "Florianopolis"]
[Date "2017.04.30"]
[Round "7"]
[White "El Debs, Felipe de Cresce"]
[Black "Mekhitarian, Krikor Sevag"]
[Result "1/2-1/2"]
[WhiteElo "2530"]
[BlackElo "2544"]
[PlyCount "65"]
[EventDate "2017.04.26"]
[EventType "swiss"]
[EventRounds "9"]
[EventCountry "BRA"]
[SourceTitle "CBM 178 Extra"]
[Source "ChessBase"]
[SourceDate "2017.06.22"]
[SourceVersion "1"]
[SourceVersionDate "2017.06.22"]
[SourceQuality "1"]

1. d4 Nf6 2. Nf3 e6 3. e3 d5 4. c4 Be7 5. Bd3 b6 6. O-O Bb7 7. b3 O-O 8. Nbd2
c5 9. Bb2 cxd4 10. Nxd4 Nc6 11. Nxc6 Bxc6 12. Qe2 Rc8 13. Rfd1 Qc7 14. Rac1 Qb8
15. e4 dxe4 16. Nxe4 Nxe4 17. Bxe4 Bxe4 18. Qxe4 Rfd8 19. Be5 Qa8 20. Qg4 Bf8
21. Bf6 Rxd1+ 22. Rxd1 Kh8 23. Bc3 Rd8 24. h4 Kg8 25. h5 h6 26. Rd4 Qc8 27. Qd1
Rxd4 28. Qxd4 f6 29. Bd2 Bc5 30. Qd3 Qc7 31. b4 Be7 32. Qd4 Kf7 33. a3 1/2-1/2